000 00385nam a2200145Ia 4500
008 151213s9999 xx 000 0 und d
100 _aEconomic Adviser's
245 _aBangladesh Economic
_cEconomic Adviser's
260 _aDhaka
_bMinistry OF Finance
_c2007
300 _a4496 p.
650 _aEconomic Review
650 _aEconomics
700 _aEconomic Adviser's
999 _c2871
_d2871